000 00543nam a2200169Ia 4500
999 _c35380
_d35380
003 OSt
005 20201223094849.0
008 190216s9999||||xx |||||||||||||| ||und||
040 _coclc
082 _a297.1225
_bALI/T
100 _aAli, Abdullah Yusuf
_97782
245 0 _aThe Holy Qur'an = Al Qur`an-Al Kareem Translation /
_cAbdullah Yusuf Ali
260 _bThe Islamic University Of Al Imam Mohammed,
_c1985.
_aRiyadh:
300 _a975p
650 _aQur`An
942 _cREF
_2ddc
_h297.1225
_iALI/T
_k297.1225
_mALI/T